000
00317nam a2200145 a 4500
008
150608s1968|||| d
245
1
0
_a
MATEMATIKA
250
_a
4. vydanie
300
_a
568 s.
020
_a
67-04-77
_c
0
041
_a
slo
044
_a
xo
_c
SK
260
_b
SPN
_a
Bratislava
_c
1968
958
_a
APR
999
_c
20866
_d
20866